Normal view
MARC view
Entry Personal Name
001 - CONTROL NUMBER
- control field: 69954
003 - CONTROL NUMBER IDENTIFIER
- control field: dpl
005 - DATE AND TIME OF LATEST TRANSACTION
- control field: 20240813153254.0
008 - FIXED-LENGTH DATA ELEMENTS
- fixed length control field: 240813|| aca||aabn | a|a d
040 ## - CATALOGING SOURCE
- Original cataloging agency: dpl
- Transcribing agency: dpl
100 ## - HEADING--PERSONAL NAME
- Personal name: Priyatharsini, B.K.Keerthiga
670 ## - SOURCE DATA FOUND
- Source citation: Work cat.: (dpl)204823: Priyatharsini, B.K.Keerthiga, Business Statistics/, 2024
